00681nam a2200229 a 4500001001300000003000900013005001700022008004100039020001000080082001500090100001300105245005900118260003900177300000900216500003500225650003000260700001300290902000800303942000700311952011600318999001700434nice12345678IN_TiNIC20260116014450.0070828s2000 jaia grp 000 0 eng  ac22500a275.4bJAI aJai, P C aChristianity, Ideology and Social Change Among Tribals aJaipur bRawat Publications c2000 a246p aincludes index and biblioraphy aChristianity-India-Tribes1 aJai, P C bSRS cBK 001040708StackRoom-aHMIbHMId2007-08-28g225.00l0o275.4 JAIp021572r2007-08-28v225.00w2007-08-28yBK c15461d15461